000 00643nam a22001937a 4500
999 _c186416
_d186416
005 20220228110614.0
010 _aENG-131819
020 _a9789388096447
_c232.00
035 _aEN-115351
037 _bDBAD/PUB
082 _a658.1
245 _aBusiness Organization and Management/
_cB.E.V.L. Naidu [et.al...]
250 _aRevised Edition
260 _aHyderabad
_bSevenHills International Publishers
_c2021
270 _bHyderabad
_a# 326/C, Level-4, Surneni Nilayam Near B K Guda Park, S R Nagar
_e500038
300 _axvi, 328p.
_c24cm(pbk)
700 _aNaidu, B.E.V.L. [et.al...]
942 _2ddc
_cEN
_h658.1
_mNAI